00718nam a2200217 a 4500001001000000003000500010005001700015008004100032010001100073011001100084040000900095100003300104245013100137260005700268300001000325650004600335650003700381650002900418700002500447700002800472000111335CHAP20220329144207.0150211s1978 mx |r| |||||||spa d a107797 a108769 cCHAP00aEchegaray Alemán, Alfredo.10aPracticas del curso de microbiologia de suelos /cpor Alfredo Echegaray Alemán, Guadalupe Goméz Cruz y Langen Conlay Chee. aChapingo, Méx. :bDepartamento de Suelos,c[197?]. a66 p.14aMicrobiologíaxManuales de laboratorio.14aSuelosxManuales de laboratorio.14aSuelosxMicrobiología.0 aCorlay Chee, Langen.1 aGómez Cruz, Guadalupe